000 00359nam a2200145Ia 4500
008 151213s9999 xx 000 0 und d
100 _aSomerset Mougham
245 _aThe Moon & Six pence
_cSomerset Mougham
250 _a1st
260 _aU K.
_bPenguing Book
_c1919
300 _a4532 p.
650 _aEnglish
700 _aSomerset Mougham
999 _c2907
_d2907